00552 2200193 4500001002100000005001500021035002000036007000300056008004100059082001400100084002000114100001900134245003500153260004100188300002000229500007400249650001600323650001900339INLIS00000000000469420230811101137 a0010-0922000039ta230811 0  a929 Treub a929 Treub WEN m1 aWENT, F.A.F.C.1 aMechior Treub /cF.A.F.C. Went aLeide :bCI-Devant E.J. Brill,c1911 a32 p. ;c25 cm. aBiografi tentang Melchior Treub Direktur Pertama Departemen Pertanian 4aBIOGRAPHIES 4aMELCHIOR TREUB